Estatísticas para Estações do Metrô de São Paulo

Clique aqui para jogar o quiz

Estatísticas Gerais

  • Esse quiz foi jogado 934 vezes
    (525 desde o último reset)
  • A pontuação média é 57 de 88

Estatísticas das Respostas

Answers% Correto
Corinthians - Itaquera
92%
92%
92%
Jabaquara
88%
Palmeiras - Barra Funda
88%
Tucuruvi
87%
Liberdade
86%
Luz
86%
Luz
86%
Ana Rosa
84%
Ana Rosa
84%
Consolação
83%
Paraíso
83%
Paraíso
83%
Brigadeiro
82%
Vila Madalena
81%
Paulista
80%
Vila Mariana
80%
São Paulo - Morumbi
79%
Portuguesa - Tietê
78%
Trianon - MASP
78%
República
77%
República
77%
Brás
76%
São Bento
76%
Tatuapé
75%
Vila Prudente
75%
Vila Prudente
75%
Pinheiros
74%
Santa Cruz
73%
Santa Cruz
73%
Santana
73%
Saúde
73%
Praça da Árvore
72%
Vergueiro
72%
Butantã
71%
Anhangabaú
70%
Armênia
70%
Carandiru
70%
São Joaquim
69%
Tiradentes
69%
Clínicas
67%
Santa Cecília
67%
Carrão
65%
Chácara Klabin
65%
Chácara Klabin
65%
Faria Lima
65%
Conceição
64%
São Judas
64%
Sumaré
64%
Bresser - Mooca
62%
Capão Redondo
62%
Marechal Deodoro
62%
Oscar Freire
62%
Santo Amaro
62%
Belém
60%
Fradique Coutinho
60%
Parada Inglesa
60%
Artur Alvim
59%
Penha
59%
Pedro II
58%
Moema
57%
Vila Matilde
57%
Jardim São Paulo - Ayrton Senna
56%
Sacomã
56%
Santos - Imigrantes
55%
AACD - Servidor
53%
Tamanduateí
53%
Higienópolis - Mackenzie
51%
Alto do Ipiranga
49%
Brooklin
49%
Guilhermina - Esperança
47%
Largo Treze
46%
Patriarca
45%
Campo Limpo
44%
Eucaliptos
44%
Borba Gato
43%
Hospital São Paulo
42%
Vila das Belezas
39%
Oratório
38%
Campo Belo
37%
Adolfo Pinheiro
36%
Giovanni Gronchi
34%
Alto da Boa Vista
32%
Camilo Haddad
27%
São Lucas
27%
Vila Tolstói
25%
Vila União
23%

Distribuição das Pontuações

Percentil de Números Respondidos

Porcentagem de Pessoas com Cada Pontuação

Sua Pontuação Histórica

Você não jogou esse quiz desde o último reset